[Event "ch-PriFO"]
[Site "Kazan RUS"]
[Date "2009.01.24"]
[Round "4"]
[White "Ibraev,V"]
[Black "Talov,N"]
[Result "1-0"]
[WhiteElo "2268"]
[BlackElo "2073"]

1.e4 c5 2.Nf3 Nc6 3.Bb5 d6 4.O-O Bd7 5.Re1 a6 6.Bf1 Bg4 7.h3 Bxf3 8.Qxf3 g6
9.c3 Bg7 10.Na3 e6 11.d3 b5 12.Nc2 Nge7 13.Bg5 Ne5 14.Qd1 h6 15.Be3 O-O 16.a4 Qd7
17.Qd2 Kh7 18.axb5 axb5 19.d4 cxd4 20.Bxd4 Rab8 21.Red1 d5 22.Ra7 Rb7 23.Rxb7 Qxb7
24.exd5 Nxd5 25.Re1 Nc6 26.Bxg7 Kxg7 27.Nd4 Nxd4 28.Qxd4+ Kh7 29.Qc5 Rb8
30.Ra1 Qb6 31.Qxb6 Rxb6 32.Ra5 b4 33.c4 Nf6 34.f3 Kg7 35.Kf2 Nd7 36.Ke3 Kf6
37.c5 Rc6 38.Kd4 Rc8 39.f4 e5+ 40.fxe5+ Nxe5 41.Ra6+ Kf5 42.Kd5 Nd7 43.c6 Ne5
44.Kd6 Kf6 45.c7 h5 46.Bb5  1-0

[Event "ch-PriFO"]
[Site "Kazan RUS"]
[Date "2009.01.25"]
[Round "5"]
[White "Talov,N"]
[Black "Mukhamadiev,D"]
[Result "1-0"]
[WhiteElo "2073"]
[BlackElo "1888"]

1.e4 c5 2.Nf3 Nc6 3.Bb5 g6 4.O-O Bg7 5.Re1 a6 6.Bf1 d6 7.h3 Nf6 8.c3 Qb6
9.Na3 Nd7 10.Nc4 Qd8 11.d4 cxd4 12.cxd4 b5 13.Ne3 Bb7 14.a4 Qb6 15.Nd5 Qd8
16.axb5 axb5 17.Rxa8 Bxa8 18.Bxb5 O-O 19.Qa4 e6 20.Bxc6 Bxc6 21.Qxc6 exd5
22.Qxd5 Nf6 23.Qc6 Re8 24.e5 dxe5 25.dxe5 Nd7 26.Rd1 Bxe5 27.Qxd7  1-0

[Event "ch-PriFO"]
[Site "Kazan RUS"]
[Date "2009.01.25"]
[Round "5"]
[White "Shaposhnikov,E"]
[Black "Filipenko,A"]
[Result "1-0"]
[WhiteElo "2544"]
[BlackElo "2360"]

1.e4 c5 2.Nf3 Nc6 3.Bb5 d6 4.O-O Bd7 5.c3 a6 6.Ba4 b5 7.Bc2 e5 8.h3 Nf6 9.d4 Be7
10.d5 Na5 11.Re1 O-O 12.Nbd2 Qc7 13.Nf1 c4 14.Ng3 g6 15.Nh2 Kh8 16.f4 Ng8
17.Nf3 Nb7 18.Be3 f6 19.f5 Be8 20.Nh4 g5 21.Nf3 Nc5 22.Rf1 Bd8 23.h4 g4 24.Ng5 fxg5
25.hxg5 Qg7 26.Qxg4 Nh6 27.Qh4 Nf7 28.f6 Qg8 29.Nf5 Bd7 30.Ng7 Bb6 31.Rf3 Nd8
32.g6 Be8 33.Nxe8 Qxg6 34.Rg3 Qxe8 35.Rg7 h5 36.Qg5  1-0

[Event "ch-PriFO"]
[Site "Kazan RUS"]
[Date "2009.01.25"]
[Round "5"]
[White "Gorozhankina,J"]
[Black "Ibraev,V"]
[Result "1/2-1/2"]
[WhiteElo "2080"]
[BlackElo "2268"]

1.e4 c5 2.Nf3 Nc6 3.Bb5 g6 4.Bxc6 bxc6 5.O-O Bg7 6.Re1 Nf6 7.e5 Nd5 8.d4 cxd4
9.Qxd4 O-O 10.c4 Nc7 11.Nc3 f6 12.Qh4 Ne6 13.Qg3 Qc7 14.Bd2 fxe5 15.Nxe5 d6
16.Nf3 Nc5 17.Bg5 e5 18.Rad1 Bf5 19.Nh4 Bc8 20.Be3 Nb7 21.Nf3 Bf5 22.Re2 a5  1/2-1/2

[Event "ch-PriFO"]
[Site "Kazan RUS"]
[Date "2009.01.25"]
[Round "5"]
[White "Abdullin,R"]
[Black "Bukavshin,I"]
[Result "0-1"]
[WhiteElo "2131"]
[BlackElo "2326"]

1.e4 c5 2.Nf3 Nc6 3.Bb5 Na5 4.O-O a6 5.Be2 d6 6.c3 Nf6 7.Qc2 Qc7 8.d3 e6
9.Bf4 Be7 10.e5 dxe5 11.Bxe5 Qd8 12.d4 Nc6 13.Bxf6 gxf6 14.Rd1 cxd4 15.Nxd4 Nxd4
16.cxd4 O-O 17.Nc3 f5 18.Rd3 Bd6 19.Qd2 Qf6 20.f4 b5 21.Bf3 Ra7 22.Re1 b4
23.Nd1 Bd7 24.d5 Bb5 25.dxe6 Bxd3 26.exf7+ Kg7 27.Qxd3 Bxf4 28.g3 Bh6 29.Bd5 Rd7
30.Rf1 Rfxf7 31.Qf3 Qd4+  0-1

[Event "1st Open"]
[Site "Gurgon IND"]
[Date "2009.01.26"]
[Round "7"]
[White "Girinath,P"]
[Black "Kuzubov,Y"]
[Result "0-1"]
[WhiteElo "2404"]
[BlackElo "2626"]

1.e4 c5 2.Nf3 Nc6 3.Bb5 d6 4.O-O Bd7 5.Re1 Nf6 6.Nc3 e5 7.d3 Be7 8.Bg5 O-O
9.Bxf6 Bxf6 10.Nd5 g6 11.c3 Bg7 12.Nd2 Kh8 13.a4 a6 14.Bc4 f5 15.exf5 gxf5
16.f4 exf4 17.Nf3 Ne5 18.Nxf4 Bh6 19.Nd5 Re8 20.Nxe5 dxe5 21.Qh5 Bg7 22.a5 Rf8
23.Nb6 Be8 24.Qf3 Rb8 25.Qd5 Qc7 26.Qe6 Bc6 27.Nd5 Bxd5 28.Bxd5 Rbd8 29.Bf3 Rd6
30.Qb3 e4 31.dxe4 Rh6 32.e5 Bxe5 33.Qxb7 Bxh2+ 34.Kf1 Qxb7 35.Bxb7 Bg3 36.Red1 Rb8  0-1

[Event "ch-PriFO"]
[Site "Kazan RUS"]
[Date "2009.01.26"]
[Round "6"]
[White "Sadykov,Ra"]
[Black "Ibragimov,Az"]
[Result "1/2-1/2"]
[WhiteElo "2143"]
[BlackElo "1966"]

1.e4 c5 2.Nf3 Nc6 3.Bb5 g6 4.Bxc6 bxc6 5.O-O Bg7 6.d3 Nf6 7.Qe2 O-O 8.Nbd2 Nh5
9.Nb3 d6 10.h3 e5 11.c3 a5 12.Be3 a4 13.Nbd2 a3 14.b3 Nf4 15.Bxf4 exf4 16.Rac1 g5
17.Nh2 f5 18.Rfd1 g4 19.hxg4 fxg4 20.Nxg4 f3 21.gxf3 Qh4 22.Nf1 Rf4 23.Nge3 Qh3
24.Ng2 Rf6 25.Ng3 Rh6 26.Qe3 Qh2+ 27.Kf1 Bh3 28.Ke2 Bxg2 29.Nf5 Rf8 30.Rg1 Rh3
31.Qg5 Bxf3+ 32.Ke1 Qxg1+ 33.Qxg1 Rh1 34.Qxh1 Bxh1 35.Ke2 Rxf5 36.exf5 Bd5
37.Ke3 Bh6+ 38.f4 Kg7 39.c4 Bf7 40.Rh1 Be8 41.Kf3 Bd7 42.Kg4 Bc8 43.Rh2  1/2-1/2

[Event "1st Open"]
[Site "Gurgon IND"]
[Date "2009.01.28"]
[Round "9"]
[White "Rathnakaran,K"]
[Black "Arkhangelsky,B"]
[Result "1-0"]
[WhiteElo "2431"]
[BlackElo "2315"]

1.e4 c5 2.Nf3 Nc6 3.Bb5 e6 4.O-O Nge7 5.Re1 a6 6.Bf1 d5 7.d3 d4 8.e5 Ng6
9.c3 dxc3 10.bxc3 Be7 11.Nbd2 O-O 12.g3 f6 13.exf6 Bxf6 14.Ne4 Nge5 15.Nxe5 Nxe5
16.Bf4 Nf7 17.Qb3 Be7 18.Rad1 e5 19.Bxe5 Bg4 20.Rd2 Kh8 21.d4 cxd4 22.Bxd4 Qc8
23.c4 Ng5 24.Nxg5 Bxg5 25.f4 Bf6 26.Bxf6 Rxf6 27.Re5 Rb8 28.Qe3 Re6 29.Rdd5 Rxe5
30.Rxe5 Qf8 31.Bd3 Rd8 32.h3 Bc8 33.g4 Bd7 34.Qe4 g6 35.Re7 Bc6 36.Rxh7+  1-0

[Event "7th Gibtelecom Masters"]
[Site "Caleta ENG"]
[Date "2009.01.29"]
[Round "3"]
[White "Carlsson,P"]
[Black "Whitehead,D"]
[Result "1-0"]
[WhiteElo "2509"]
[BlackElo "2155"]

1.e4 c5 2.Nf3 Nc6 3.Bb5 g6 4.O-O Bg7 5.Re1 Nf6 6.e5 Nd5 7.Nc3 Nc7 8.Bxc6 dxc6
9.Ne4 Ne6 10.d3 O-O 11.Be3 b6 12.Qd2 Nd4 13.Nxd4 cxd4 14.Bh6 Bf5 15.Ng3 Qd7
16.Re2 Rfe8 17.Qf4 c5 18.Rae1 Rac8 19.b3 b5 20.h4 a5 21.h5 Qe6 22.Bxg7 Kxg7
23.f3 Red8 24.Qg5 Rc7 25.hxg6 fxg6 26.Nh5+ Kg8 27.Nf4 Qf7 28.e6 Qf6 29.Qxf6 exf6
30.g4 g5 31.e7 Re8 32.Nd5  1-0

[Event "Open"]
[Site "Moscow RUS"]
[Date "2009.02.01"]
[Round "2"]
[White "Prosviriakov,V"]
[Black "Smirnov,P"]
[Result "0-1"]
[WhiteElo "2305"]
[BlackElo "2579"]

1.e4 c5 2.Nf3 Nc6 3.Bb5 e6 4.Bxc6 bxc6 5.d3 Ne7 6.e5 Ng6 7.Nbd2 Be7 8.Nc4 O-O
9.O-O f6 10.Bd2 Qe8 11.Re1 fxe5 12.Nfxe5 Nxe5 13.Nxe5 d6 14.Nc4 e5 15.Qe2 Qg6
16.Qe4 Qf7 17.Qe2 h5 18.f4 Bg4 19.Qe3 Qg6 20.Rf1 Rae8 21.fxe5 d5 22.Rxf8+ Rxf8
23.Nd6 Rf3 24.Qe2 Bh4 25.Be1 Rf8 26.Qe3 Bf3 27.Bg3 Bxg3 28.hxg3 Qxg3 29.Qf2 Qxe5
30.gxf3 Qxd6 31.Re1 Qf4 32.Kg2 Rf5 33.Re2 Rg5+ 34.Kf1 Rg3 35.Re3 Rh3 36.Kg1 Qg5+
37.Kf1 Rh1+ 38.Ke2 d4 39.Re8+ Kf7 40.Re4 Qc1  0-1

[Event "Open A"]
[Site "Moscow RUS"]
[Date "2009.02.02"]
[Round "3"]
[White "Dvalishvili,P"]
[Black "Gurkin,A"]
[Result "1-0"]
[WhiteElo "2480"]
[BlackElo "2176"]

1.e4 c5 2.Nf3 Nc6 3.Bb5 g6 4.Bxc6 bxc6 5.O-O d6 6.e5 d5 7.h3 Bg7 8.Nc3 h5
9.d3 f6 10.Re1 Kf7 11.Na4 Qa5 12.c4 Bf5 13.Bd2 Qc7 14.exf6 exf6 15.Nxc5 Bf8
16.Be3 Rd8 17.Qb3 Bc8 18.cxd5 Rxd5 19.Ne4 Kg7 20.Rac1 Qd7 21.Qa4 Bb7 22.Bc5 Ne7
23.Bd4 Ng8 24.Qxa7 c5 25.Bxc5  1-0

[Event "FINEC GM"]
[Site "St Petersburg RUS"]
[Date "2009.02.02"]
[Round "7"]
[White "Kovalev,An"]
[Black "Abasov,N"]
[Result "1/2-1/2"]
[WhiteElo "2535"]
[BlackElo "2397"]

1.e4 c5 2.Nf3 Nc6 3.Bb5 g6 4.O-O Bg7 5.Re1 Nf6 6.e5 Nd5 7.Nc3 Nc7 8.Bxc6 dxc6
9.Ne4 Ne6 10.d3 b6 11.Bd2 O-O 12.Qc1 Nd4 13.Nxd4 Qxd4 14.Bc3 Qd5 15.Qg5 Qd8
16.a4 a5 17.Re2  1/2-1/2

[Event "7th Gibtelecom Masters"]
[Site "Caleta ENG"]
[Date "2009.02.03"]
[Round "8"]
[White "Nezad,H"]
[Black "Cramling,P"]
[Result "1/2-1/2"]
[WhiteElo "2403"]
[BlackElo "2548"]

1.e4 c5 2.Nf3 Nc6 3.Bb5 d6 4.Bxc6+ bxc6 5.O-O e5 6.c3 Nf6 7.Re1 Be7 8.d4 cxd4
9.cxd4 Nd7 10.Nc3 O-O 11.Be3 Bb7 12.Qc2 Qa5 13.b4 Qd8 14.Rad1 Qc8 15.Qb3 Re8
16.Rc1 Qb8 17.Red1 Nf8 18.dxe5 dxe5 19.Na4 Bc8 20.a3 Bg4 21.Rxc6 Ng6 22.Rd5 Be6
23.Rxe6 fxe6 24.Ra5 Bd8 25.Ra6 Qc8 26.b5 Re7 27.g3 Rf7 28.Rxe6 Bf6 29.Nc3 Kh8
30.Rc6 Rc7 31.Qc4 Rxc6 32.bxc6 Qg4 33.Kg2 Ne7 34.h3 Qc8 35.c7 Qd7 36.Nd5 Qc6
37.Qd3 Re8 38.Nxf6 gxf6 39.Qd8 Nc8 40.Bd2 Kg7 41.Bb4 Kf7 42.Kh2 Nb6 43.Nh4 Qxe4
44.Bc5 Qc2 45.Bxb6 axb6 46.Qd7+ Kf8 47.Qd6+ Kf7 48.Qd7+ Kf8 49.Kg1 Qb1+ 50.Kg2 Qe4+
51.Kh2  1/2-1/2

[Event "7th Gibtelecom Masters"]
[Site "Caleta ENG"]
[Date "2009.02.03"]
[Round "8"]
[White "Klinova,M"]
[Black "Demac,E"]
[Result "1/2-1/2"]
[WhiteElo "2328"]
[BlackElo "1993"]

1.e4 c5 2.Nf3 Nc6 3.Bb5 Nf6 4.e5 Nd5 5.O-O Nc7 6.Bxc6 dxc6 7.h3 g6 8.d3 Bg7
9.Nc3 O-O 10.Be3 Ne6 11.Ne4 b6 12.Qd2 Nd4 13.Nxd4 cxd4 14.Bh6 Qd5 15.Bxg7 Kxg7
16.f4 c5 17.Rae1 Bf5 18.a3 Bxe4 19.Rxe4 e6 20.g4 Rae8 21.f5 exf5 22.gxf5 Rxe5
23.Rh4 Re3 24.Qf2 Qxf5 25.Qxf5 gxf5 26.Rxf5 Re2 27.Rg4+ Kh8 28.Rf2 Re5 29.Rf6 Re6
30.Rf5 f6 31.b4 Re5 32.Rf2 f5 33.bxc5 bxc5 34.Rg3 Rg8 35.Kg2 Rg6 36.h4 Re3
37.Rg5 Rxg5+ 38.hxg5 Kg7 39.Rxf5 Re2+ 40.Kf3 Rxc2 41.Rd5 Kg6 42.Kf4 Rf2+
43.Kg4 Rg2+ 44.Kf4 Rf2+  1/2-1/2

[Event "7th Gibtelecom Masters"]
[Site "Caleta ENG"]
[Date "2009.02.03"]
[Round "8"]
[White "Ashton,A"]
[Black "Salem,I"]
[Result "0-1"]
[WhiteElo "2321"]
[BlackElo "2171"]

1.e4 c5 2.Nf3 Nc6 3.Bb5 d6 4.O-O Bd7 5.Re1 Nf6 6.c3 a6 7.Bf1 Bg4 8.h3 Bh5
9.d3 e6 10.g4 Bg6 11.Nh4 Nd7 12.Nxg6 hxg6 13.d4 g5 14.Be3 Be7 15.Nd2 Qc7
16.Nf3 f6 17.b4 c4 18.Bxc4 Rxh3 19.Bxe6 Nf8 20.Bd5 Qd7 21.Nd2 Ng6 22.Kg2 Rh4
23.f3 O-O-O 24.Qb3 Kb8 25.Be6 Qc7 26.Rh1 Rdh8 27.Bd5 Bd8 28.Rxh4 Nxh4+ 29.Kf2 Ng6
30.Rg1 Nce7 31.c4 Nf4 32.Bxf4 gxf4 33.Kg2 Nxd5 34.cxd5 g5 35.Rh1 Rxh1 36.Kxh1 Qc1+  0-1

[Event "Open A"]
[Site "Moscow RUS"]
[Date "2009.02.03"]
[Round "4"]
[White "Yandemirov,V"]
[Black "Smirnov,P"]
[Result "0-1"]
[WhiteElo "2474"]
[BlackElo "2579"]

1.e4 c5 2.Nf3 Nc6 3.Bb5 e6 4.Bxc6 bxc6 5.b3 f6 6.Ba3 d6 7.O-O Ne7 8.c3 Ng6
9.d4 cxd4 10.cxd4 Ba6 11.Re1 Be7 12.e5 dxe5 13.Bxe7 Qxe7 14.dxe5 O-O 15.Nbd2 Rad8
16.Qc2 fxe5 17.Re3 Nf4 18.Rxe5 Be2 19.Re3 Bd3 20.Qb2 Qf7 21.Rae1 Ba6 22.Qc2 Rd5
23.Nc4 c5 24.Nce5 Qf6 25.g3 Nh3+ 26.Kg2 Bb7 27.Kxh3 Rxe5 28.Rxe5 Qxf3 29.R1e4 Rf6
30.Qe2 Bxe4  0-1

[Event "Open A"]
[Site "Moscow RUS"]
[Date "2009.02.03"]
[Round "4"]
[White "Nikolenko,O"]
[Black "Inarkiev,E"]
[Result "0-1"]
[WhiteElo "2511"]
[BlackElo "2656"]

1.e4 c5 2.Nf3 Nc6 3.Bb5 d6 4.Bxc6+ bxc6 5.O-O Bg4 6.h3 Bh5 7.e5 dxe5 8.g4 e4
9.gxh5 exf3 10.Nc3 Nf6 11.Qxf3 Qd7 12.d3 g6 13.h6 g5 14.Re1 O-O-O 15.Ne4 Rg8
16.Kf1 Qd5 17.c4 Qxd3+ 18.Qxd3 Rxd3 19.Nxg5 Bxh6 20.Nxh7 Rxh3 21.Bxh6 Rh1+
22.Ke2 Rxh6 23.Nxf6 Rxf6 24.Rg1 Rd8 25.Rg3 Rd4 26.Rc1 Re6+ 27.Re3 Kd7 28.Rc3 a5
29.b3 Red6 30.Rc2 f6 31.Rh3 Re6+ 32.Re3 Kd6 33.Rxe6+ Kxe6 34.Rc3 Re4+ 35.Kd2 Kf5
36.Rh3 Kf4 37.Rh5 f5 38.Rh3 Re6 39.Rg3 Rh6 40.Ke2 Rh1 41.Rf3+ Ke5 42.Re3+ Kf6
43.Rd3 Rc1 44.a4 Rc2+ 45.Ke3 Rb2 46.f4 Rh2 47.Rd8 Rh3+ 48.Ke2 Rxb3 49.Rc8 Rb6
50.Kd3 e6 51.Kc3 Ke7 52.Ra8 Rb1 53.Rxa5 Rc1+ 54.Kd3 Rf1 55.Ke3 Re1+ 56.Kf3 Kd6
57.Ra8 Rc1 58.Rd8+ Kc7 59.Rd3 Rxc4 60.Re3 Rxa4 61.Rxe6 Rd4 62.Re5 Rd5 63.Re1 Rd3+
64.Ke2 Rd4 65.Rc1 Kd6 66.Ke3 Kd5 67.Rg1 c4 68.Rg5 Rd3+ 69.Ke2 Ke4 70.Rg6 c5
71.Rc6 Rd5 72.Ra6 c3 73.Ra4+ Rd4 74.Ra5 Rd2+ 75.Ke1 Rd5 76.Ke2 c2  0-1

[Event "14th HIT Open"]
[Site "Nova Gorica SLO"]
[Date "2009.02.05"]
[Round "7"]
[White "Sedlak,N"]
[Black "Martinovic,Sa"]
[Result "1-0"]
[WhiteElo "2592"]
[BlackElo "2427"]

1.e4 c5 2.Nf3 Nc6 3.Bb5 Nf6 4.Bxc6 dxc6 5.d3 Bg4 6.h3 Bxf3 7.Qxf3 Nd7 8.O-O g6
9.Bd2 Bg7 10.Bc3 O-O 11.Bxg7 Kxg7 12.Nd2 e5 13.Qg3 Qf6 14.Nc4 Qf4 15.Qxf4 exf4
16.a4 f6 17.Rfb1 a5 18.Ra3 Rfb8 19.Rd1 Ne5 20.Rc3 b6 21.d4 Rd8 22.d5 Nxc4
23.Rxc4 Ra7 24.Rc3 Re7 25.Rcd3 Rd6 26.f3 f5 27.dxc6 Rxc6 28.Rd7 Kf6 29.Kf2 fxe4
30.Rxe7 Kxe7 31.fxe4 Rd6 32.Rd5 g5 33.Kf3 h6 34.Rxd6 Kxd6 35.Kg4 Ke5 36.Kh5 Kxe4
37.Kxh6 Kf5 38.Kh5 c4 39.c3 Kf6 40.Kg4 Kg6 41.h4 gxh4 42.Kxf4 Kf6 43.Kg4 Ke5
44.Kxh4 Ke4 45.g4 Kd3 46.g5  1-0

[Event "14th HIT Open"]
[Site "Nova Gorica SLO"]
[Date "2009.02.06"]
[Round "8"]
[White "Mazi,L"]
[Black "Cebalo,M"]
[Result "1/2-1/2"]
[WhiteElo "2377"]
[BlackElo "2509"]

1.e4 c5 2.Nf3 Nc6 3.Bb5 d6 4.O-O Bd7 5.Re1 Nf6 6.c3 a6 7.Bf1 e5 8.h3 g6 9.d4 cxd4
10.cxd4 exd4 11.Nxd4 Bg7 12.Nc2 Be6 13.Nc3 O-O 14.Ne3 Rc8 15.g3 Re8 16.Bg2 b5
17.Ned5 Bxd5 18.exd5 Rxe1+ 19.Qxe1 Ne5 20.Qd1 Nc4 21.Ne2 Nd7 22.Rb1 Qa5 23.a3 Re8
24.Bf1 b4 25.Qb3 Qxd5 26.axb4 Nde5 27.Bg2 Qd3 28.Qxd3 Nxd3 29.Bf1 Nxb4 30.b3 Nb6
31.Ba3 a5 32.Rd1 d5 33.Bxb4 axb4 34.Nf4 d4 35.Rc1 Rc8 36.Rxc8+ Nxc8 37.Bc4 Bh6
38.Nd3 Bd2 39.Kg2 Nd6 40.Bd5 Kg7 41.Kf3 f5 42.h4 Kf6 43.Ke2 Bc3 44.Kf3 h6
45.Ke2 g5 46.hxg5+ hxg5 47.Kf3 g4+ 48.Ke2 Ne4 49.Bc4 Nd6  1/2-1/2

[Event "TCh-NED 2008-9"]
[Site "Netherlands NED"]
[Date "2009.02.07"]
[Round "5"]
[White "Bierenbroodspot,P"]
[Black "Nijboer,F"]
[Result "0-1"]
[WhiteElo "2234"]
[BlackElo "2564"]

1.e4 c5 2.Nf3 Nc6 3.Bb5 d6 4.d4 cxd4 5.Qxd4 Bd7 6.Bxc6 Bxc6 7.Bg5 f6 8.Be3 e5
9.Qc4 d5 10.exd5 Qxd5 11.Qxd5 Bxd5 12.Nc3 Bc6 13.O-O-O Ne7 14.Bc5 Nf5 15.Bxf8 Rxf8
16.Rd2 g5 17.Nd5 g4 18.Ne1 O-O-O 19.Ne3 Rxd2 20.Kxd2 Rd8+ 21.Kc1 Nxe3 22.fxe3 Kd7
23.Rf1 Ke6 24.Rf2 g3 25.hxg3 Rg8 26.Kd2 Rxg3 27.Ke2 h5 28.Nf3 Be4 29.c4 a5
30.b3 Rg4 31.Kf1 h4 32.Nd2 Bc6 33.Nf3 a4 34.Ne1 Rg3 35.Ke2 Be4 36.Nf3 Rg4
37.Kd2 f5 38.Kc3 axb3 39.axb3 h3 40.gxh3 Rg3 41.Nd2 Rxe3+ 42.Kb4 Rxh3 43.Nxe4 fxe4
44.Re2 Kf5 45.Rf2+ Rf3 46.Rg2 Rd3 47.Rf2+ Ke6 48.Re2 e3 49.Ka3 e4 50.Re1 Ke5  0-1

[Event "TCh-HUN 2008-9"]
[Site "Budapest HUN"]
[Date "2009.02.08"]
[Round "7"]
[White "Magyar,O"]
[Black "Rovid,K"]
[Result "1/2-1/2"]
[WhiteElo "2296"]
[BlackElo "2279"]

1.e4 c5 2.Nf3 Nc6 3.Bb5 g6 4.O-O Bg7 5.c3 Nf6 6.Re1 O-O 7.h3 e5 8.d4 cxd4
9.cxd4 exd4 10.Nxd4 Qb6 11.Nxc6 dxc6 12.Bf1 Be6  1/2-1/2

[Event "FSGM February"]
[Site "Budapest HUN"]
[Date "2009.02.11"]
[Round "5"]
[White "Kosic,D"]
[Black "Wittmann,W"]
[Result "1-0"]
[WhiteElo "2521"]
[BlackElo "2269"]

1.e4 c5 2.Nf3 Nc6 3.Bb5 Nf6 4.Bxc6 dxc6 5.d3 Bg4 6.h3 Bh5 7.Nbd2 h6 8.g4 Bg6
9.Ne5 Bh7 10.f4 Nd7 11.Nxd7 Qxd7 12.Qe2 f6 13.Nf3 e6 14.Bd2 Be7 15.O-O-O Qc7
16.e5 f5 17.Rdg1 fxg4 18.hxg4 O-O-O 19.f5 Qd7 20.f6 gxf6 21.exf6 Bxf6 22.Rxh6 Bg7
23.Rxe6 Qd5 24.b3 Bg8 25.Re4 c4 26.Rxc4 Rh3 27.Rf1 Qd6 28.Bb4 Qh6+ 29.g5 Qh5
30.Rf4 Re8 31.Re4 Rxe4 32.Qxe4 Bd5 33.Qf5+ Kd8 34.Ne5 Bxe5 35.Qxe5 Rh1 36.Qb8+ Kd7
37.Qxb7+ Kd8 38.Ba5+ Ke8 39.Qc8+  1-0

[Event "ch-CZE Juniors"]
[Site "Decin CZE"]
[Date "2009.02.12"]
[Round "3"]
[White "Klement,L"]
[Black "Svoboda,V2"]
[Result "1-0"]
[WhiteElo "2061"]
[BlackElo "2288"]

1.e4 c5 2.Nf3 Nc6 3.Bb5 g6 4.c3 Bg7 5.O-O Nf6 6.Re1 O-O 7.d4 cxd4 8.cxd4 d5
9.e5 Ne4 10.Nc3 Bf5 11.Nh4 e6 12.Nxf5 exf5 13.Ne2 Nxe5 14.dxe5 Qb6 15.Be3 Qxb5
16.f3 Qxb2 17.Bd4 Qb5 18.fxe4 dxe4 19.Qb3 Qxb3 20.axb3 h5 21.Rec1 Rfe8 22.Rc7 Bxe5
23.Bxe5 Rxe5 24.Rxb7 a5 25.Rd1 a4 26.bxa4 Rxa4 27.Rd8+ Kg7 28.Rdd7 Ra1+ 29.Kf2 h4
30.Ke3 Kf6 31.Rxf7+ Kg5 32.Rb3 Rf1 33.Rc3 h3 34.gxh3 Rh1 35.Kd4 Re8 36.Rg3+ Kh6
37.Rf6 Rxh2 38.Rfxg6+ Kh7 39.Rg7+ Kh8 40.R7g5 Re7 41.Nf4 Rd2+ 42.Ke3 Rd6
43.Ng6+  1-0

[Event "ch-CZE Juniors"]
[Site "Decin CZE"]
[Date "2009.02.14"]
[Round "5"]
[White "Ponizil,C"]
[Black "Zwardon,V"]
[Result "1-0"]
[WhiteElo "2245"]
[BlackElo "2210"]

1.e4 c5 2.Nf3 Nc6 3.Bb5 g6 4.Bxc6 bxc6 5.O-O Bg7 6.Re1 e5 7.c3 Ne7 8.d4 cxd4
9.cxd4 exd4 10.Nxd4 O-O 11.Nc3 Bb7 12.Bg5 d6 13.Qd2 Re8 14.Rad1 Qc7 15.Qf4 Bc8
16.Nf3 Rb8 17.Re2 Be6 18.h4 h5 19.Qxd6 Qxd6 20.Rxd6 Bxc3 21.bxc3 Rb1+ 22.Kh2 Ra1
23.Red2 Kg7 24.Bxe7 Rxe7 25.Rxc6 a5 26.c4 Bg4 27.Nd4 Rd1 28.Rxd1 Bxd1 29.f3 Rd7
30.Nb5 Rd2 31.Rd6  1-0

[Event "TCh-BEL 2008-9"]
[Site "Belgium BEL"]
[Date "2009.02.15"]
[Round "9"]
[White "Saiboulatov,D"]
[Black "Hausrath,D"]
[Result "1/2-1/2"]
[WhiteElo "2360"]
[BlackElo "2493"]

1.e4 c5 2.Nf3 Nc6 3.Bb5 Nf6 4.Nc3 Qc7 5.a4 Nd4 6.Bc4 d6 7.h3 e5 8.d3 Be7
9.Bg5 Be6 10.Bxf6 Bxf6 11.Nd5 Bxd5 12.Bxd5 Qb6 13.Ra2 Rb8 14.O-O  1/2-1/2

[Event "ch-CZE Juniors"]
[Site "Decin CZE"]
[Date "2009.02.15"]
[Round "6"]
[White "Bures,J"]
[Black "Vlasak,Lu"]
[Result "1/2-1/2"]
[WhiteElo "2264"]
[BlackElo "2163"]

1.e4 c5 2.Nf3 Nc6 3.Bb5 g6 4.Bxc6 dxc6 5.h3 Bg7 6.d3 b6 7.Nc3 Nh6 8.Be3 f6
9.a3 e5 10.b4 cxb4 11.axb4 Be6 12.Ra4 O-O 13.Qa1 a5 14.bxa5 b5 15.Rb4 Rxa5
16.Qc1 Qe7 17.Rb1 Nf7 18.O-O f5 19.Ra1 Rxa1 20.Qxa1 f4 21.Qa7 Qxa7 22.Bxa7 b4
23.Ne2 Ra8 24.Bc5 Ra2 25.Bxb4 Rxc2 26.Nc1 c5 27.Ba3 Rc3 28.Bb2 Rc2 29.Ba3 Rc3
30.Bb2  1/2-1/2

[Event "ch-CZE"]
[Site "Decin CZE"]
[Date "2009.02.15"]
[Round "6"]
[White "Rausis,I"]
[Black "Plat,V"]
[Result "1/2-1/2"]
[WhiteElo "2501"]
[BlackElo "2410"]

1.e4 c5 2.Nf3 Nc6 3.Bb5 g6 4.O-O Bg7 5.Re1 Nf6 6.e5 Nd5 7.Nc3 Nc7 8.Bxc6 dxc6
9.Ne4 b6 10.Nf6+ Kf8 11.Ne4 Bg4 12.d3 Ne6 13.Ned2 h5 14.h3 Bxf3 15.Nxf3 Bh6
16.Bxh6+ Rxh6 17.Re4 Kg7 18.a3 a5 19.a4 Rh8 20.Qd2 Qd7 21.Rae1 Rad8 22.b3 Qc8
23.g3 Nd4 24.Nxd4 Rxd4 25.Rxd4 cxd4 26.Qg5 Qe6 27.Re4 c5 28.Kg2 Re8 29.g4 hxg4
30.hxg4 Rh8 31.f3 Kf8 32.Qf4 Kg7 33.Re2 Rh7 34.Re4 Rh8 35.Kf2 Kf8 36.Ke2 Ke8
37.Kd2 Kd7 38.Kc1 f5 39.exf6 Qxf6 40.Qg3 g5 41.Kb2 Rf8 42.Qh2 Qd6 43.Qe2 Rf6
44.Qd2 Rg6 45.f4 gxf4 46.Rxf4 Rg7 47.Qf2 Rg6 48.Re4 Qf6 49.Qg3 Qd6 50.Qh4 Qf6
51.Qh1 Rh6 52.Qg2 Rg6 53.Re2 Qc6 54.Qg3 Re6 55.Rxe6 Qxe6 56.g5 Qg6 57.Qe5 Ke8
58.Kc1 Kf7 59.Qf4+ Kg7 60.Qe5+ Kf7 61.Kb2 Qe6 62.Qh8 Qg6 63.Qh4 Kg7 64.Qg4 Kf7
65.Qf4+ Kg7 66.b4 axb4 67.a5 bxa5 68.Qe5+ Kf7 69.Qxc5 Qd6 70.Qxa5 Kg6 71.Kb3 e5
72.Qxb4 Qd5+ 73.Kb2 Kxg5 74.Qf8 Qb7+ 75.Ka3 Qc7 76.Qf2 Qc5+ 77.Kb2 Kg6 78.Kc1 Kg5
79.Kd1 Kg6 80.Qf3 Qc7 81.Qf2 Qd6 82.c3  1/2-1/2

[Event "TCh-FIN"]
[Site "Finland FIN"]
[Date "2009.02.15"]
[Round "7"]
[White "Alho,S"]
[Black "Verkasalo,T"]
[Result "1-0"]
[WhiteElo "2141"]
[BlackElo "2097"]

1.e4 c5 2.Nf3 Nc6 3.Bb5 g6 4.O-O Bg7 5.c3 Nf6 6.Re1 O-O 7.e5 Nd5 8.d4 cxd4
9.cxd4 d6 10.Nc3 Be6 11.Ng5 dxe5 12.Nxe6 fxe6 13.Bxc6 bxc6 14.Qg4 Rf5 15.dxe5 Bxe5
16.Qc4 Qb6 17.Be3 Qxb2 18.Nxd5 cxd5 19.Qc6 Raf8 20.Qxe6+ Kh8 21.Rad1 d4 22.Rd2 Qb6
23.Qxb6 axb6 24.Bh6 Rd8 25.g4 Bf4 26.gxf5 Bxh6 27.Rd3 Rd7 28.fxg6 hxg6 29.Re6 Kg7
30.Re4 Bc1 31.Rdxd4 Ra7 32.a4 Ba3 33.Re6 Kf7 34.Rxb6 Bc5 35.Rf4+ Kg7 36.Rc6 Bd6
37.Rd4 Kf6 38.Rcxd6+ exd6 39.Rxd6+ Ke5 40.Rxg6 Rxa4 41.Kg2 Kf4 42.h3 Ra5
43.Rg4+ Kf5 44.f3 Ra2+ 45.Kg3 Ra1 46.Rf4+ Kg5 47.h4+ Kh5 48.Rf5+ Kh6 49.Rb5 Kg6
50.Kg4 Rg1+ 51.Kf4 Ra1 52.Rg5+ Kf6 53.Rg8 Ra4+ 54.Kg3 Ra1 55.Rg5 Rg1+ 56.Kf4 Ra1
57.Re5 Ra4+ 58.Re4 Ra1 59.Rb4 Ra5 60.Rb6+ Kg7 61.Kg4 Ra1 62.f4 Rg1+ 63.Kf5 Rh1
64.Rb7+ Kg8 65.h5 Ra1 66.Kf6 Ra6+ 67.Kg5 Ra1 68.Rb6 Ra5+ 69.Kg6 Ra8 70.f5 Kh8
71.f6 Rg8+ 72.Kf7 Rg2 73.Ke7 Ra2 74.f7 Ra7+ 75.Kf6 Ra8 76.Kg6 Rd8 77.Rf6 Rf8
78.h6  1-0

[Event "US Amateur Team-ch East"]
[Site "Parsipanny USA"]
[Date "2009.02.15"]
[Round "4"]
[White "Rabin,E"]
[Black "Rueda,L"]
[Result "0-1"]
[WhiteElo "2036"]
[BlackElo "2201"]

1.e4 c5 2.Nf3 Nc6 3.Bb5 Qc7 4.O-O e6 5.c3 Nf6 6.Re1 d5 7.exd5 Nxd5 8.d4 Be7
9.c4 Nf6 10.d5 a6 11.Ba4 b5 12.cxb5 axb5 13.Bxb5 Nxd5 14.Ne5 Bb7 15.Bg5 Bxg5
16.Nxc6 O-O 17.Ne5 Rfd8 18.Qb3 Bf6 19.Nf3 Nb4 20.Na3 Qf4 21.Qc4 Qxc4 22.Nxc4 Bxf3
23.gxf3 Nc2 24.a4 Rdb8 25.Rac1 Nxe1 26.Rxe1 Kf8 27.Rb1 Ke7 28.b4 cxb4 29.Rxb4 Bc3
30.Rb3 Ba5 31.Ne5 Rb6 32.Nc6+ Kd6 33.Rd3+ Kc5 34.Nxa5 Rxa5 35.Rd7 e5 36.Rxf7 Rg6+
37.Kf1 h5 38.Rf5 Kd4 39.Rxh5 Ra7 40.Rh4+ Kd5 41.f4 e4 42.Ke2 Rc7 43.Rh8 Rh6
44.Rd8+ Rd6 45.Rxd6+ Kxd6 46.f3 Kd5 47.fxe4+ Kxe4 48.Kf2 Kxf4 49.Kg2 Rc2+
50.Kh3 g5 51.Bd7 Ra2 52.Be6 Rxa4 53.Kg2 Ra6 54.Bd7 Ra2+ 55.Kh3 Rc2 56.Be6 Rc3+
57.Kg2 g4 58.Bd5 Rc2+ 59.Kg1 Kg5 60.Bg2 Kh4 61.Kf1 Ra2 62.Kg1 g3 63.h3 Ra1+
64.Bf1 Rxf1+ 65.Kxf1 Kxh3  0-1

[Event "ch-CZE Juniors"]
[Site "Decin CZE"]
[Date "2009.02.16"]
[Round "7"]
[White "Cuhra,M"]
[Black "Zwardon,V"]
[Result "0-1"]
[WhiteElo "2230"]
[BlackElo "2210"]

1.e4 c5 2.Nf3 Nc6 3.Bb5 g6 4.O-O Bg7 5.Re1 e5 6.Bxc6 dxc6 7.d3 Bg4 8.h3 Bxf3
9.Qxf3 Ne7 10.Be3 b6 11.Nd2 O-O 12.Qe2 f5 13.Nf3 f4 14.Bd2 Qc7 15.Bc3 a5
16.b3 a4 17.Ng5 Qd6 18.Qg4 Rf6 19.Qd1 Rff8 20.Rb1 h6 21.Nf3 g5 22.Nd2 b5
23.Qe2 axb3 24.axb3 Ng6 25.Ra1 Bf6 26.Rxa8 Rxa8 27.Ra1 Rxa1+ 28.Bxa1 Qc7
29.Qd1 Qa5 30.Nf3 h5 31.Bb2 Kg7 32.g4 hxg4 33.hxg4 Kf7 34.Kg2 Qa2 35.Qa1 Qxa1
36.Bxa1 Ke6 37.Bc3 b4 38.Be1 Ne7 39.Nd2 Nc8 40.f3 Nd6 41.Bf2 Be7 42.Bxc5 Nb5
43.Bxe7 Kxe7 44.Nc4 Ke6 45.Na5 Kd7 46.Nc4 Ke6 47.Na5 Nd4 48.Kf2 Ke7 49.Kg2 Kf6
50.Kf2 Ke6 51.Kg2 Nxc2 52.Nxc6 Kd6 53.Nd8 Ne1+ 54.Kf2 Nxd3+ 55.Ke2 Nc1+ 56.Kd1 Nxb3
57.Nf7+ Ke7 58.Nxe5 Nd4 59.Kc1 Ke6 60.Nd3 Nxf3 61.Kd1 b3 62.Nc5+ Ke5 63.Nxb3 Kxe4
64.Nc5+ Ke3 65.Ne6 Kf2 66.Nc5 Kg3 67.Ke2 Kxg4 68.Kf2 Ne5 69.Ne4 Kf5 70.Nd6+ Ke6
71.Ne4 g4 72.Kg2 Nd3 73.Nd2 Kd5 74.Nf1 Ke4 75.Nh2 g3 76.Ng4 Kf5 77.Nh6+ Kg6
78.Ng8 Kg5 79.Kf3 Ne5+ 80.Kg2 Nc6 81.Kf3 Kg6 82.Kxf4 g2  0-1

[Event "2nd Pfalz Open"]
[Site "Neustadt an der Weinstrasse GER"]
[Date "2009.02.17"]
[Round "4"]
[White "Yemelin,V"]
[Black "Richter,Mic"]
[Result "1-0"]
[WhiteElo "2578"]
[BlackElo "2421"]

1.e4 c5 2.Nf3 Nc6 3.Bb5 g6 4.O-O Bg7 5.c3 Nf6 6.Qa4 O-O 7.d4 cxd4 8.cxd4 d5
9.e5 Nd7 10.Bxc6 Nb6 11.Qa5 bxc6 12.b3 Nd7 13.Qxd8 Rxd8 14.Ba3 f6 15.Bxe7 Re8
16.exf6 Nxf6 17.Bd6 Bg4 18.Nbd2 Ne4 19.Nxe4 dxe4 20.Ne5 Re6 21.Bc5 Bxe5 22.dxe5 Rxe5
23.Rfc1 Re6 24.Rc2 Bf5 25.Be3 a5 26.h3 h5 27.Rac1 a4 28.Rxc6 Rxc6 29.Rxc6 axb3
30.axb3 Rb8 31.Bb6 Kf7 32.b4 e3 33.fxe3 Be4 34.Rc7+ Ke6 35.Bc5 Ra8 36.Ra7 Rd8
37.Re7+ Kd5 38.Bd4 Bf5 39.b5 Kc4 40.b6 Rb8 41.b7  1-0